|
|
|
|
| LEADER |
01077nam a2200265 a 4500 |
| 001 |
GR-MES16904 |
| 008 |
150115s2006 xxu g 000 0 eng d |
| 020 |
|
|
|a 0782143806
|
| 040 |
|
|
|a GrPaTEI
|b gre
|c GR-PaULI
|
| 040 |
|
|
|a GrPaTEI
|b gre
|c GR-PaULI
|
| 082 |
|
0 |
|a 005.75
|2 22
|
| 100 |
1 |
|
|a Gunderloy, Mike
|
| 245 |
1 |
0 |
|a Mastering :
|b microsoft SQL server 2005 /
|c Mike Gunderloy, Joseph L. Jorden, David W. Tschanz.
|
| 260 |
|
|
|a Indianapolis, Ind. :
|b Wiley,
|c 2006
|
| 300 |
|
|
|a xxviii, 1028 σ. :
|b εικ.
|
| 500 |
|
|
|a Περιλαμβάνει ευρετήριο.
|
| 650 |
|
0 |
|a Client/server computing
|
| 650 |
|
0 |
|a Database management
|
| 650 |
|
0 |
|a SQL (Γλώσσα προγραμματισμού υπολογιστή)
|
| 700 |
1 |
|
|a Jorden, Joseph L.
|
| 700 |
1 |
|
|a Tschanz, Dawid W.
|
| 942 |
|
|
|2 ddc
|
| 952 |
|
|
|0 0
|1 0
|2 ddc
|4 0
|6 005_750000000000000_GUN
|7 0
|9 274918
|a MSLG
|b MSLG
|c BSC
|d 2021-01-17
|e 24
|f 0
|g 0.00
|l 0
|o 005.75 GUN
|p 2420000024468
|r 2021-01-17 00:00:00
|t 1
|w 2021-01-17
|y BK15
|x 20150115 0 ΧΑΣΑΝΗ 1
|x GrPaTEI
|
| 971 |
|
|
|a .b25829531
|b 15-04-20
|c 13-09-16
|
| 999 |
|
|
|c 159212
|d 159212
|